000 00537nam a2200193Ia 4500
005 20250326124409.0
008 250326s9999 xx 000 0 und d
037 _aTextbook
040 _aFMSL
_beng
_cFMSL
041 _aeng
_2eng
084 _aX:75.44 L3;L8
_qFMSL
100 _aWadhva C D
245 0 _aSome problems of India's economic policy
_cWadhva C D
250 _a2
260 _aNew Delhi
_bNew Delhi, Tata McGraw-Hill
_c1978
300 _a768p
942 _cTB
_hX:75.44 L3;L8
999 _c1273550
_d1273550